000 00736nam a2200241 i 4500
001 bgj
100 1 _aGIERLAK, Maria.
245 1 0 _aDeutsche politische Zeitgeschichte 1918-1980 in den Auseinandersetzungen der Intellektuellen.
_cMaria Gierlak ; Leszek Żyliński.
_nTeil 1 /
260 _aToruń :
_bUniwersytet Mikołaja Kopernika,
_c1993.
300 _a127 s.
_c21 cm.
490 1 _aSkrypty i materiały pomocnicze UMK
650 9 _aNauki społeczne
700 1 _aŻYLIŃSKI, Leszek.
830 _aSkrypty i materiały pomocnicze UMK
020 _a8323103984
040 _cBPK
041 0 _ager
044 _aDEU
080 _a3
920 _a83-231-0398-4
942 _cKS
008 s gw f |000 0 ger
999 _c49977
_d49977
856 _uhttp://koha.tu.koszalin.pl/cgi-bin/koha/opac-detail.pl?biblionumber=49977
_yKatalog online BPK